00409nam a2200157Ia 45000010006000000050017000060080041000230410008000640820018000721000035000902450073001252600009001983000028002076500008002356540008002432333720260414150930.0260414t2014||||xx |||||||||||||| ||spa|| aESP a629.8312bA75 aArnáez Braschi, EnriqueeAUT 0aEnfoque práctico del control moderno :bcon aplicaciones en Matlab c2014 a316 páginas :c29 cm. aCNM aCCN